00482nam a22001337a 4500003000400000005001700004008004100021040001900062082002400081245014000105260005500245300002100300650002700321OSt20171025205100.0171025b xxu||||| |||| 00| 0 eng d aLDCLIBcLDCLIB 222a342.030967bCON aConstitutional Reform Processes in Eastern Africa :bproceedings of a conference on constitutional reform processes in Eastern Africa / aKampals, Uganda :bFriedrich Ebert Stiftung,cn.d. a125 p. ;c24 cm. aConstitutional reforms